000 00549 a2200205 4500
005 20250112111214.0
008 250112b |||||||| |||| 00| 0 eng d
020 _a9789389565973
_cRs. 595.00
040 _aMAIN
082 _a546
_bD26F(3)
100 _aDas, Asim K
245 _aFundamental concepts of inorganic chemistry. V1
260 _bCBS Publishers and Distributors
_c2022
_aNew Delhi
300 _axix, 619
650 _aChemistry
650 _aInorganic Chemistry
700 _aDas, Mahua
700 _aDas, Ankita
942 _cBK
999 _c359512
_d359512